000 00552nam a22001817a 4500
005 20251108164206.0
008 250721s1982 xx 000 0 ara d
082 1 4 _a301,42/سام
100 1 _aالخشاب، سامية مصطفى
245 1 0 _aالنظرية الإجتماعية و دراسة الأسرة /
264 1 _aالقاهرة :
_bدارا لمعارف،
_c1982.
300 _a196ص
490 0 _aعلم الأجتماع المعاصر ؛ 52
650 1 7 _aالأسرة
650 1 7 _aالزواج
942 _2ddc
_cBK
999 _c5977
_d5977